[Event "Lietuvos BM10-BM18"]
[Site "Vilnius"]
[Date "2021.06.04"]
[Round "4.9"]
[White "Linkevicius, Vilius"]
[Black "Saviciauskas, Germantas"]
[Result "1-0"]
[WhiteElo "1079"]
[BlackElo "1215"]
[PlyCount "95"]
[EventDate "2021.??.??"]

1. d4 d5 2. Bf4 Nf6 3. Nf3 Bf5 4. e3 g6 5. c4 Bg7 6. Nc3 O-O 7. Qb3 b6 8. cxd5
Be4 9. Ne5 Bxd5 10. Nxd5 Nxd5 11. Bg3 e6 12. Rc1 Nd7 13. Nxd7 Qxd7 14. Bc4 c6
15. O-O Rac8 16. Ba6 Ra8 17. Rc2 Nc7 18. Bb7 Rab8 19. Bxc6 Qe7 20. Bf3 e5 21.
Rfc1 Na6 22. Be2 Nb4 23. Rc7 Qd6 24. Bh4 Rfe8 25. a3 Nd5 26. R1c6 Qxc7 27. Rxc7
Nxc7 28. Bg3 Rbc8 29. Bc4 Re7 30. dxe5 Bxe5 31. Bxf7+ Rxf7 32. Bxe5 Nd5 33. g3
Rc5 34. Bd4 Rc1+ 35. Kg2 Ne7 36. Qa4 Nc6 37. Bc3 Rc7 38. Qc4+ Kf8 39. Qf4+ Rf7
40. Qd6+ Kg8 41. Qxc6 Rc2 42. e4 Rfxf2+ 43. Kh3 Rxh2+ 44. Kg4 Rcf2 45. Qa8+ Rf8
46. Qxa7 h5+ 47. Kg5 Rg2 48. Qg7# 1-0

[Event "Lietuvos BM10-BM18"]
[Site "Vilnius"]
[Date "2021.06.04"]
[Round "4.10"]
[White "Paliokas, Kajus"]
[Black "Spevak, Dovydas"]
[Result "0-1"]
[WhiteElo "1090"]
[BlackElo "1170"]
[PlyCount "34"]
[EventDate "2021.??.??"]

1. d4 d5 2. Nf3 Nf6 3. Bf4 Bf5 4. e3 e6 5. Bd3 Nbd7 6. Bxf5 exf5 7. O-O g6 8.
Nbd2 Ne4 9. Nxe4 dxe4 10. Nd2 Bg7 11. h3 h5 12. c4 g5 13. Bh2 g4 14. hxg4 hxg4
15. Bg3 Qg5 16. f3 gxf3 17. gxf3 Qxg3# 0-1

[Event "Lietuvos BM10-BM18"]
[Site "Vilnius"]
[Date "2021.06.04"]
[Round "4.13"]
[White "Maurutyte, Laura"]
[Black "Remeikaite, Rugile"]
[Result "1/2-1/2"]
[WhiteElo "1110"]
[BlackElo "1082"]
[PlyCount "44"]
[EventDate "2021.??.??"]

1. d4 d5 2. c4 dxc4 3. e3 Nc6 4. Bxc4 e5 5. Nf3 Bg4 6. Be2 Bxf3 7. Bxf3 exd4 8.
Bxc6+ bxc6 9. exd4 Bd6 10. Be3 Nf6 11. h3 O-O 12. O-O Re8 13. Nd2 Rb8 14. b3
Nd5 15. Nc4 Qf6 16. Re1 Re7 17. Qc1 Rbe8 18. a3 c5 19. Nxd6 cxd6 20. dxc5 dxc5
21. Qxc5 Nf4 22. Red1 Ne6 1/2-1/2

[Event "Lietuvos BM10-BM18"]
[Site "Vilnius"]
[Date "2021.06.04"]
[Round "4.16"]
[White "Vaiciunas, Giedrius"]
[Black "Morkunas, Gustas"]
[Result "1/2-1/2"]
[WhiteElo "1460"]
[BlackElo "1704"]
[PlyCount "40"]
[EventDate "2021.??.??"]

1. d4 Nf6 2. c4 g6 3. Nc3 Bg7 4. e4 d6 5. Nge2 Nbd7 6. f3 e5 7. d5 O-O 8. Bg5
h6 9. Be3 Nh7 10. Qd2 f5 11. O-O-O f4 12. Bf2 Nb6 13. Ng1 g5 14. h3 Nf6 15. Bd3
Bd7 16. Kb1 Nc8 17. Nge2 Nh5 18. Ka1 b6 19. Rc1 a5 20. a4 Ne7 1/2-1/2

[Event "Lietuvos BM10-BM18"]
[Site "Vilnius"]
[Date "2021.06.04"]
[Round "4.17"]
[White "Bazilius, Augustinas"]
[Black "Misiuk, Martynas"]
[Result "0-1"]
[WhiteElo "1683"]
[BlackElo "1627"]
[PlyCount "76"]
[EventDate "2021.??.??"]

1. d4 Nf6 2. c4 g6 3. Nf3 Bg7 4. g3 O-O 5. Bg2 d5 6. O-O dxc4 7. Na3 c5 8. dxc5
c3 9. Nb5 Na6 10. Nxc3 Nxc5 11. Be3 Nce4 12. Bd4 Nxc3 13. Bxc3 Be6 14. Qa4 Bd7
15. Qa3 Bc6 16. Rad1 Qb6 17. Bd4 Qb5 18. Bc5 Nd7 19. Bxe7 Bxb2 20. Qd6 Rfe8 21.
Nd4 Bxd4 22. Rxd4 Bxg2 23. Kxg2 Qxe2 24. Bg5 Ne5 25. Qd5 h6 26. Bxh6 Ng4 27.
Rd2 Qa6 28. Bf4 Rad8 29. Qxd8 Rxd8 30. Rxd8+ Kg7 31. h3 Nh6 32. Re1 Nf5 33.
Be5+ f6 34. Rd7+ Kh6 35. Bf4+ g5 36. Red1 gxf4 37. R7d5 Qe2 38. R1d2 Ne3+ 0-1

[Event "Lietuvos BM10-BM18"]
[Site "Vilnius"]
[Date "2021.06.04"]
[Round "4.19"]
[White "Skyrius, Aronas"]
[Black "Nainys, Zanas"]
[Result "1-0"]
[WhiteElo "1274"]
[BlackElo "1153"]
[PlyCount "89"]
[EventDate "2021.??.??"]

1. e4 Nf6 2. Nc3 d5 3. exd5 Nxd5 4. Bc4 Nb6 5. Bb3 c5 6. d3 Nc6 7. Nf3 e6 8.
Bf4 Nd5 9. Nxd5 exd5 10. O-O Be7 11. d4 c4 12. Ba4 O-O 13. Bxc6 bxc6 14. c3 Bg4
15. Kh1 Bd6 16. Qd2 Bxf3 17. gxf3 Qf6 18. Bxd6 Qxd6 19. Qg5 Qg6 20. Qxg6 fxg6
21. Kg2 Rab8 22. Rab1 Rb6 23. b4 Ra6 24. Ra1 Re8 25. a4 Re2 26. a5 c5 27. dxc5
Rc6 28. Rfe1 Rc2 29. Rac1 Rb2 30. Red1 Re2 31. Rxd5 a6 32. Rd4 g5 33. Rxc4 h5
34. Re4 Rb2 35. Rd1 Rf6 36. Rd6 Rf7 37. c6 g4 38. f4 h4 39. Rc4 h3+ 40. Kg3 Rb1
41. c7 Rg1+ 42. Kh4 Rg2 43. c8=Q+ Kh7 44. Rc5 g5+ 45. Rxg5 1-0

[Event "Lietuvos BM10-BM18"]
[Site "Vilnius"]
[Date "2021.06.04"]
[Round "4.21"]
[White "Norkeliunas, Sarunas"]
[Black "Pidluznij, Matvej"]
[Result "1-0"]
[WhiteElo "1168"]
[BlackElo "1501"]
[PlyCount "39"]
[EventDate "2021.??.??"]

1. e4 e5 2. Nf3 Nc6 3. Bb5 Nf6 4. O-O Bc5 5. c3 d6 6. d4 exd4 7. cxd4 Bb6 8. d5
a6 9. Ba4 Bxf2+ 10. Rxf2 b5 11. dxc6 bxa4 12. Qxa4 O-O 13. Bg5 Re8 14. Nc3 h6
15. Bh4 g5 16. Nxg5 hxg5 17. Bxg5 Re6 18. Nd5 Kg7 19. Bxf6+ Rxf6 20. Nxf6 1-0

[Event "Lietuvos BM10-BM18"]
[Site "Vilnius"]
[Date "2021.06.04"]
[Round "4.22"]
[White "Jankevicius, Justas"]
[Black "Dijokas, Jokubas"]
[Result "0-1"]
[WhiteElo "1106"]
[BlackElo "1209"]
[PlyCount "120"]
[EventDate "2021.??.??"]

1. e4 c6 2. d4 d5 3. exd5 cxd5 4. Bd3 Nc6 5. c3 Qc7 6. Bg5 e6 7. Nf3 Be7 8.
Bxe7 Ngxe7 9. Nbd2 h6 10. Qc2 Bd7 11. Nf1 a6 12. a4 Rc8 13. Ng3 Nb4 14. Qe2
Nxd3+ 15. Qxd3 Ng6 16. Ne2 O-O 17. O-O Qd6 18. Qe3 Rfe8 19. Ne5 Nxe5 20. Qxe5
Qxe5 21. dxe5 Rc4 22. Nd4 Rxa4 23. Rxa4 Bxa4 24. Ra1 Bd7 25. f4 g6 26. h4 Rc8
27. g3 Kf8 28. Kf2 Rc4 29. Ke3 Ke7 30. g4 Rc8 31. Rh1 Rg8 32. g5 h5 33. Ra1 Rc8
34. Kd3 Rc5 35. Ra3 Kd8 36. Rb3 Kc7 37. Ra3 Bb5+ 38. Ke3 Kb6 39. b4 Rc4 40. Kd2
Rc8 41. Ke3 Bf1 42. Kd2 Ra8 43. Nb3 Rc8 44. Nd4 Bc4 45. Kc2 Ra8 46. Kb2 a5 47.
bxa5+ Rxa5 48. Rxa5 Kxa5 49. Ka3 Bd3 50. Nf3 Kb5 51. Kb3 Kc5 52. Nd4 b5 53. Nf3
Be2 54. Nd4 Bg4 55. Nc2 Bd1 56. Kb2 Bxc2 57. Kxc2 Kc4 58. Kd2 d4 59. cxd4 Kxd4
60. Kc2 Ke4 0-1

[Event "Lietuvos BM10-BM18"]
[Site "Vilnius"]
[Date "2021.06.04"]
[Round "4.23"]
[White "Kraucenka, Justas"]
[Black "Mikalajunas, Gytis"]
[Result "0-1"]
[WhiteElo "1101"]
[BlackElo "1042"]
[PlyCount "58"]
[EventDate "2021.??.??"]

1. e4 e5 2. Nf3 Nc6 3. Bc4 Bc5 4. c3 Nf6 5. d4 exd4 6. cxd4 Bb4+ 7. Bd2 Bxd2+
8. Nbxd2 d5 9. exd5 Nxd5 10. O-O O-O 11. Re1 Be6 12. Rc1 Ndb4 13. Qb3 Bxc4 14.
Qxc4 Nd5 15. Ne5 Nxe5 16. Rxe5 c6 17. Rh5 Re8 18. Qd3 h6 19. Qg3 Qf6 20. Rh4
Qg5 21. Qxg5 hxg5 22. Nf3 gxh4 23. Nxh4 Nf4 24. Rd1 Rad8 25. Nf3 Re4 26. Kf1
Ne2 27. Re1 Rde8 28. Nd2 Ng3+ 29. hxg3 Rxe1# 0-1

[Event "Lietuvos BM10-BM18"]
[Site "Vilnius"]
[Date "2021.06.04"]
[Round "5.1"]
[White "Bagvilas, Lukas"]
[Black "Jablokov, Dmitrij"]
[Result "1-0"]
[WhiteElo "2053"]
[BlackElo "1964"]
[PlyCount "51"]
[EventDate "2021.??.??"]

1. e4 c6 2. Nc3 d5 3. Nf3 Bg4 4. h3 Bxf3 5. Qxf3 e6 6. d3 Nd7 7. g3 g6 8. Bg2
Bg7 9. O-O Ne7 10. Qe2 O-O 11. Bg5 d4 12. Nd1 h6 13. Bd2 c5 14. f4 e5 15. Nf2
b5 16. Ng4 h5 17. Nh2 Nc6 18. f5 c4 19. dxc4 bxc4 20. Qxc4 Qf6 21. g4 Rfc8 22.
Qe2 Nc5 23. fxg6 Qxg6 24. gxh5 Qe6 25. Ng4 d3 26. Qf2 1-0

[Event "Lietuvos BM10-BM18"]
[Site "Vilnius"]
[Date "2021.06.04"]
[Round "5.2"]
[White "Bagdanskis, Dangis"]
[Black "Butvilas, Aistis"]
[Result "1/2-1/2"]
[WhiteElo "1945"]
[BlackElo "2115"]
[PlyCount "36"]
[EventDate "2021.??.??"]

1. e4 c5 2. Nf3 e6 3. d4 cxd4 4. Nxd4 Nf6 5. Nc3 Nc6 6. Bf4 Bb4 7. Ndb5 O-O 8.
Bc7 Qe7 9. Bd6 Bxd6 10. Qxd6 Qd8 11. Nc7 Rb8 12. a4 a6 13. Be2 b5 14. axb5 axb5
15. e5 b4 16. exf6 bxc3 17. fxg7 Kxg7 18. bxc3 Qf6 1/2-1/2

[Event "Lietuvos BM10-BM18"]
[Site "Vilnius"]
[Date "2021.06.04"]
[Round "5.3"]
[White "Likatavicius, Rapolas"]
[Black "Aleknavicius, Andrius"]
[Result "1/2-1/2"]
[WhiteElo "1896"]
[BlackElo "1990"]
[PlyCount "39"]
[EventDate "2021.??.??"]

1. d4 f5 2. c4 Nf6 3. Nc3 d6 4. Bg5 Nbd7 5. Qc2 g6 6. h4 h6 7. Bxf6 Nxf6 8.
O-O-O c6 9. Nh3 Qa5 10. Nf4 Rg8 11. e3 e5 12. Nfe2 Bd7 13. Ng3 h5 14. Kb1 O-O-O
15. Be2 Be7 16. a3 Kb8 17. Ka2 Be6 18. b4 Qc7 19. Kb2 Rd7 20. Nf1 1/2-1/2

[Event "Lietuvos BM10-BM18"]
[Site "Vilnius"]
[Date "2021.06.04"]
[Round "5.5"]
[White "Plutaite, Ausra"]
[Black "Ravlusevic, Evelina"]
[Result "0-1"]
[WhiteElo "1484"]
[BlackElo "1749"]
[PlyCount "46"]
[EventDate "2021.??.??"]

1. e4 c5 2. Nc3 a6 3. Bc4 e6 4. d3 b5 5. Bb3 Bb7 6. f4 d5 7. exd5 exd5 8. a3
Nf6 9. Nf3 Nc6 10. O-O c4 11. dxc4 dxc4 12. Qe2+ Be7 13. Ba2 O-O 14. Be3 Re8
15. Ne5 Qc7 16. Qf2 Nxe5 17. fxe5 Qxe5 18. Bd4 Qg5 19. b3 Rac8 20. Rae1 Qg6 21.
h3 Nh5 22. Re5 Nf4 23. Ne4 Nxh3+ 0-1

[Event "Lietuvos BM10-BM18"]
[Site "Vilnius"]
[Date "2021.06.04"]
[Round "5.6"]
[White "Posaskov, Nikita"]
[Black "Leclere, Daniel"]
[Result "1-0"]
[WhiteElo "1798"]
[BlackElo "1800"]
[PlyCount "51"]
[EventDate "2021.??.??"]

1. d4 d5 2. c4 e6 3. Nf3 dxc4 4. g3 b5 5. a4 c6 6. Bg2 Bb7 7. O-O Nf6 8. Ne5
Qc8 9. b3 cxb3 10. Qxb3 a6 11. Ba3 Bxa3 12. Qxa3 Qd8 13. e3 Qe7 14. axb5 axb5
15. Qxe7+ Kxe7 16. Rxa8 Bxa8 17. Nc3 Nfd7 18. Ra1 Bb7 19. Ra7 Bc8 20. Nxc6+
Nxc6 21. Bxc6 b4 22. Ne4 Rd8 23. Nc5 Kd6 24. Bxd7 Rxd7 25. Nxd7 Bxd7 26. Rb7
1-0

[Event "Lietuvos BM10-BM18"]
[Site "Vilnius"]
[Date "2021.06.04"]
[Round "5.7"]
[White "Greicius, Pijus"]
[Black "Vizinis, Jonas"]
[Result "1-0"]
[WhiteElo "2004"]
[BlackElo "1448"]
[PlyCount "63"]
[EventDate "2021.??.??"]

1. d4 d5 2. c4 e6 3. Nc3 Nf6 4. cxd5 exd5 5. Bg5 Be7 6. e3 O-O 7. Bd3 c6 8. Qc2
Nbd7 9. Nf3 Re8 10. O-O h6 11. Bh4 Ne4 12. Bxe7 Qxe7 13. b4 a6 14. a4 Ndf6 15.
b5 c5 16. dxc5 Nxc5 17. Be2 Be6 18. Rfd1 Rac8 19. Qb2 Red8 20. Qb4 Qf8 21. Nd4
Qd6 22. Rac1 Nfe4 23. Nxe4 Nxe4 24. Qxd6 Rxd6 25. Rxc8+ Bxc8 26. Rc1 Be6 27.
Rc7 axb5 28. Bxb5 b6 29. f3 Nc5 30. a5 Bd7 31. axb6 Bxb5 32. Nxb5 1-0

[Event "Lietuvos BM10-BM18"]
[Site "Vilnius"]
[Date "2021.06.04"]
[Round "5.8"]
[White "Povilaitis, Tomas"]
[Black "Liandzbergas, Mykolas"]
[Result "1-0"]
[WhiteElo "1903"]
[BlackElo "1430"]
[PlyCount "55"]
[EventDate "2021.??.??"]

1. e4 e5 2. Nf3 Nc6 3. d4 exd4 4. Nxd4 Nf6 5. Nc3 Bb4 6. Nxc6 bxc6 7. Bd3 d5 8.
exd5 cxd5 9. O-O Bxc3 10. bxc3 O-O 11. Qf3 Bg4 12. Qg3 Bh5 13. Bb5 Qe7 14. Bg5
Bg6 15. h4 Qc5 16. Bxf6 Qxb5 17. Bxg7 Kxg7 18. h5 c6 19. hxg6 hxg6 20. Qe5+ f6
21. Qe7+ Rf7 22. Qe3 Rh8 23. Rfe1 Qb8 24. g3 Qg8 25. Kg2 Rh7 26. Rh1 Kh8 27.
Qe6 Rf8 28. Qxc6 1-0

[Event "Lietuvos BM10-BM18"]
[Site "Vilnius"]
[Date "2021.06.04"]
[Round "5.9"]
[White "Andrasunaite, Rusne"]
[Black "Paknyte, Elzbieta"]
[Result "1-0"]
[WhiteElo "1310"]
[BlackElo "1327"]
[PlyCount "57"]
[EventDate "2021.??.??"]

1. e4 d5 2. exd5 Nf6 3. d4 Qxd5 4. Nc3 Qd7 5. Bf4 e6 6. Nf3 a6 7. Bd3 Nc6 8.
O-O b6 9. Re1 Bb7 10. Ne5 Qxd4 11. Bg3 Bc5 12. Ne2 Qd8 13. a3 O-O 14. Nf4 Nxe5
15. Rxe5 Bd4 16. Re1 Bxb2 17. Rb1 Bxa3 18. Nh5 Be7 19. Be5 b5 20. Re3 Nxh5 21.
Qxh5 h6 22. Rg3 Bg5 23. h4 f6 24. hxg5 fxe5 25. gxh6 Rf7 26. hxg7 Rxg7 27. Qh7+
Kf8 28. Qxg7+ Ke8 29. Bg6# 1-0

[Event "Lietuvos BM10-BM18"]
[Site "Vilnius"]
[Date "2021.06.04"]
[Round "5.10"]
[White "Sukyte, Kotryna"]
[Black "Griksaite, Ieva"]
[Result "0-1"]
[WhiteElo "1475"]
[BlackElo "1473"]
[PlyCount "100"]
[EventDate "2021.??.??"]

1. e4 c5 2. Nc3 Nc6 3. g3 g6 4. Bg2 Bg7 5. d3 d6 6. Nge2 e6 7. Be3 Nd4 8. Qd2
Rb8 9. O-O Ne7 10. Nd1 O-O 11. c3 Nxe2+ 12. Qxe2 Nc6 13. f4 b5 14. f5 exf5 15.
exf5 Ne5 16. g4 Bd7 17. Be4 b4 18. g5 gxf5 19. Bxf5 Bxf5 20. Rxf5 bxc3 21. Nxc3
Qd7 22. Raf1 Rbe8 23. Bc1 Ng6 24. Qh5 Bd4+ 25. Kh1 Re1 26. Rxe1 Qxf5 27. Qe2
Bxc3 28. bxc3 Qd5+ 29. Kg1 Ne5 30. c4 Qxd3 31. Qxd3 Nxd3 32. Rd1 Nxc1 33. Rxc1
Re8 34. Rd1 Re6 35. Kf2 Kf8 36. Kf3 Ke7 37. Rb1 Re5 38. Rb7+ Ke6 39. Rxa7 Rxg5
40. a4 Rg1 41. Ke3 Ra1 42. a5 f5 43. a6 Ra3+ 44. Ke2 Ke5 45. Ra8 Kd4 46. a7
Kxc4 47. Rd8 Rxa7 48. Rxd6 Ra2+ 49. Kf3 Rxh2 50. Rf6 Rh5 0-1

[Event "Lietuvos BM10-BM18"]
[Site "Vilnius"]
[Date "2021.06.04"]
[Round "5.11"]
[White "Milius, Ignas"]
[Black "Pidluznij, Gleb"]
[Result "1/2-1/2"]
[WhiteElo "1331"]
[BlackElo "2016"]
[PlyCount "39"]
[EventDate "2021.??.??"]

1. d4 Nf6 2. Bf4 g6 3. Nf3 Bg7 4. e3 O-O 5. h3 c5 6. c3 d6 7. Be2 b6 8. O-O Bb7
9. Nbd2 Nbd7 10. a4 a6 11. Qb3 Qc7 12. Bc4 e5 13. dxe5 Nxe5 14. Nxe5 dxe5 15.
Bh2 Rad8 16. Rad1 Rd7 17. Nf3 Bxf3 18. gxf3 Qb7 19. Rxd7 Nxd7 20. Bd5 1/2-1/2

[Event "Lietuvos BM10-BM18"]
[Site "Vilnius"]
[Date "2021.06.04"]
[Round "5.12"]
[White "Gavenavicius, Karolis"]
[Black "Dudnikas, Motiejus"]
[Result "1-0"]
[WhiteElo "1168"]
[BlackElo "1323"]
[PlyCount "119"]
[EventDate "2021.??.??"]

1. e4 d5 2. exd5 Qxd5 3. d4 Nf6 4. c4 Qd8 5. Nc3 g6 6. Nf3 Bg7 7. h3 Bf5 8. Be3
Nc6 9. Bd3 Bxd3 10. Qxd3 O-O 11. Rd1 e6 12. O-O a6 13. Ne5 Qd6 14. f4 Rfd8 15.
Qe2 Nb8 16. g4 Nbd7 17. g5 Ne8 18. Ne4 Qe7 19. h4 f6 20. Nxd7 Qxd7 21. Nc5 Qc6
22. Bf2 Rd6 23. Rfe1 Kf7 24. Ne4 Rdd8 25. Nc5 Rd6 26. d5 exd5 27. cxd5 Qb5 28.
Qe7+ Kg8 29. Ne4 Rd7 30. Qe6+ Rf7 31. gxf6 Bxf6 32. Nxf6+ Nxf6 33. d6 cxd6 34.
Bd4 Qf5 35. Qxf5 gxf5 36. Re6 Ne4 37. Kh2 Kf8 38. Rg1 Re8 39. Bg7+ Rxg7 40.
Rxe8+ Kf7 41. Rb8 Rxg1 42. Rxb7+ Ke6 43. Kxg1 h5 44. Kf1 Kd5 45. Ke2 Nc5 46.
Rh7 Ke4 47. Rxh5 Kxf4 48. Rh6 Ne4 49. Rg6 a5 50. h5 Ng3+ 51. Rxg3 Kxg3 52. h6
f4 53. h7 Kg2 54. h8=Q f3+ 55. Ke3 f2 56. Qg7+ Kf1 57. Qf6 Kg1 58. Qxf2+ Kh1
59. Kf3 d5 60. Qg2# 1-0

[Event "Lietuvos BM10-BM18"]
[Site "Vilnius"]
[Date "2021.06.04"]
[Round "5.13"]
[White "Uckuronis, Aleksandras"]
[Black "Praspaliauskas, Matas"]
[Result "1-0"]
[WhiteElo "1295"]
[BlackElo "1256"]
[PlyCount "141"]
[EventDate "2021.??.??"]

1. d4 Nf6 2. Nf3 d5 3. Bf4 e6 4. e3 Bd6 5. Bg3 O-O 6. Bd3 b6 7. c3 Nbd7 8. Nbd2
Re8 9. Ne5 c5 10. Nxf7 Kxf7 11. Bxd6 e5 12. dxe5 Nxe5 13. Bxe5 Rxe5 14. Nf3 Re7
15. O-O Bb7 16. Qc2 h6 17. Rad1 Kf8 18. Nh4 Kg8 19. Rfe1 Qc7 20. Nf3 Rf8 21. c4
d4 22. e4 Qf4 23. Qd2 Nh5 24. Qxf4 Nxf4 25. Bc2 Rfe8 26. g3 d3 27. Bxd3 Nxd3
28. Rxd3 Rxe4 29. Rxe4 Rxe4 30. Kf1 Rxc4 31. Ne5 Rc1+ 32. Ke2 Ba6 33. Kd2 Bxd3
34. Kxc1 Bb5 35. Kd2 Kf8 36. Ke3 Ke7 37. Ke4 Kd6 38. f4 Bf1 39. g4 b5 40. h4
Bg2+ 41. Kf5 g5 42. hxg5 hxg5 43. Kxg5 c4 44. Kf6 Bd5 45. g5 b4 46. g6 c3 47.
bxc3 bxc3 48. Nf7+ Kd7 49. g7 Bxf7 50. Kxf7 c2 51. g8=Q c1=Q 52. Qe8+ Kc7 53.
Qe5+ Kb7 54. f5 Qh1 55. Qe7+ Kb6 56. f6 Qh7+ 57. Ke8 Qf5 58. Qd8+ Kc6 59. Qa8+
Kb6 60. Qb8+ Ka6 61. f7 Qe6+ 62. Kf8 Qh6+ 63. Ke7 Qe3+ 64. Kf6 Qc3+ 65. Qe5
Qf3+ 66. Ke7 Qb7+ 67. Kf6 Qf3+ 68. Qf5 Qc3+ 69. Kg6 Qg3+ 70. Kh7 Qh4+ 71. Kg7
1-0

[Event "Lietuvos BM10-BM18"]
[Site "Vilnius"]
[Date "2021.06.04"]
[Round "5.14"]
[White "Griksaite, Egle"]
[Black "Paknyte, Beatrice"]
[Result "1/2-1/2"]
[WhiteElo "1318"]
[BlackElo "1201"]
[PlyCount "124"]
[EventDate "2021.??.??"]

1. d4 Nf6 2. c3 g6 3. Bg5 Ne4 4. Bf4 d5 5. f3 Nf6 6. e3 Bg7 7. Bd3 c5 8. Nd2
Nbd7 9. Bg3 O-O 10. f4 b6 11. Ngf3 Bb7 12. Bh4 Ne4 13. Qb1 Nxd2 14. Nxd2 Nf6
15. Bxf6 exf6 16. O-O f5 17. Nf3 Re8 18. Re1 cxd4 19. exd4 Qd7 20. Qc2 Qc7 21.
g3 Re7 22. Rxe7 Qxe7 23. Re1 Qd7 24. Qe2 Bc6 25. Ne5 Bxe5 26. dxe5 Re8 27. Qf2
Bb7 28. Bf1 Qa4 29. a3 Ba6 30. Bxa6 Qxa6 31. Qd4 Qb5 32. b4 Qc6 33. Rd1 Rd8 34.
c4 Qa4 35. Qd3 d4 36. Rc1 Qc6 37. Kf2 Kg7 38. h3 Qd7 39. c5 Qc6 40. b5 Qd5 41.
c6 h5 42. a4 Qa2+ 43. Qc2 Qa3 44. Kg2 d3 45. Qd2 Qxa4 46. c7 Qe4+ 47. Kf2 Rc8
48. Qb2 Kf8 49. e6 Qe2+ 50. Qxe2 dxe2 51. exf7 Kxf7 52. Kxe2 Ke7 53. Rc6 Kf7
54. Kd3 Ke7 55. Kd4 Kd7 56. Kd5 Rxc7 57. Rd6+ Ke7 58. Rc6 Rd7+ 59. Ke5 Kf7 60.
Rd6 Rc7 61. Rc6 Rd7 62. h4 Re7+ 1/2-1/2

[Event "Lietuvos BM10-BM18"]
[Site "Vilnius"]
[Date "2021.06.04"]
[Round "5.15"]
[White "Strokova, Medeina"]
[Black "Mickunaite, Agne"]
[Result "0-1"]
[WhiteElo "1024"]
[BlackElo "1216"]
[PlyCount "102"]
[EventDate "2021.??.??"]

1. e4 d6 2. d4 Nf6 3. Nc3 g6 4. Nf3 Bg7 5. Be2 a6 6. O-O O-O 7. e5 Nfd7 8. Bf4
Nc6 9. Re1 dxe5 10. dxe5 Ncxe5 11. Nxe5 Nxe5 12. Bxa6 Rxa6 13. Bxe5 Bxe5 14.
Rxe5 e6 15. a3 Rd6 16. Qf3 b6 17. Rd1 Rxd1+ 18. Qxd1 Qf6 19. Re3 Qg7 20. Rd3
Qf6 21. g3 h5 22. b3 Bb7 23. Nb5 Ba6 24. Rf3 Qe7 25. a4 Bb7 26. Rd3 Bc6 27. Na7
Be4 28. Rc3 c5 29. Nb5 Rd8 30. Qe2 Bf5 31. h4 Qb7 32. f3 Qb8 33. Kf2 e5 34. g4
hxg4 35. fxg4 Bc8 36. Na3 f6 37. h5 Kg7 38. hxg6 Rh8 39. Ke1 Kxg6 40. g5 fxg5
41. Qe4+ Kg7 42. Re3 Bb7 43. Qxe5+ Qxe5 44. Rxe5 Kf6 45. Re2 Ba6 46. Rf2+ Ke5
47. c3 Rh1+ 48. Kd2 g4 49. b4 cxb4 50. cxb4 g3 51. Rg2 Rh2 0-1

[Event "Lietuvos BM10-BM18"]
[Site "Vilnius"]
[Date "2021.06.04"]
[Round "5.16"]
[White "Misiuk, Martynas"]
[Black "Morkunas, Gustas"]
[Result "0-1"]
[WhiteElo "1627"]
[BlackElo "1704"]
[PlyCount "60"]
[EventDate "2021.??.??"]

1. e4 c5 2. Nf3 e6 3. d4 cxd4 4. Nxd4 a6 5. Be2 Qc7 6. O-O Nf6 7. Nc3 Be7 8.
Kh1 d6 9. f4 b5 10. a3 Bb7 11. Bf3 O-O 12. Qe1 Nc6 13. Be3 Nxd4 14. Bxd4 e5 15.
fxe5 dxe5 16. Qg3 Bd6 17. Be3 Kh8 18. Rad1 Rad8 19. Qh3 Bxa3 20. Nd5 Nxd5 21.
exd5 Bc8 22. Qh5 Be7 23. d6 Bxd6 24. Be4 g6 25. Qh6 f5 26. Bd5 f4 27. Bf2 Bf5
28. Ra1 Bc5 29. Bxc5 Qxc5 30. Rxa6 Qxd5 0-1

[Event "Lietuvos BM10-BM18"]
[Site "Vilnius"]
[Date "2021.06.04"]
[Round "5.17"]
[White "Ser, Daniel"]
[Black "Vaiciunas, Giedrius"]
[Result "1-0"]
[WhiteElo "1347"]
[BlackElo "1460"]
[PlyCount "77"]
[EventDate "2021.??.??"]

1. d4 e6 2. Bf4 Nf6 3. e3 d5 4. Nd2 Bd6 5. Bg3 Bxg3 6. hxg3 Qe7 7. f4 c6 8. Bd3
h5 9. c3 Nbd7 10. Ngf3 b6 11. Qe2 Bb7 12. e4 c5 13. O-O O-O-O 14. e5 Ng4 15.
Nh4 Rh6 16. f5 Nf8 17. a4 Kc7 18. a5 c4 19. axb6+ axb6 20. Bc2 Ra8 21. b3 b5
22. bxc4 bxc4 23. Rfb1 Rxa1 24. Rxa1 Nd7 25. Ndf3 Qd8 26. Qd2 Nb8 27. Ng5 Qe7
28. fxe6 fxe6 29. Rf1 Nd7 30. Ba4 Bc6 31. Bxc6 Kxc6 32. Nf7 Rh7 33. Qa2 Nb6 34.
Qb1 Ne3 35. Rf3 Nf5 36. Nxf5 Qxf7 37. Nd6 Qxf3 38. gxf3 Rh8 39. Qg6 1-0

[Event "Lietuvos BM10-BM18"]
[Site "Vilnius"]
[Date "2021.06.04"]
[Round "5.18"]
[White "Blazys, Titas"]
[Black "Skyrius, Aronas"]
[Result "0-1"]
[WhiteElo "1156"]
[BlackElo "1274"]
[PlyCount "42"]
[EventDate "2021.??.??"]

1. e4 c5 2. d4 cxd4 3. c3 dxc3 4. Nxc3 e6 5. Nf3 a6 6. Bc4 Qc7 7. Bb3 Nc6 8.
O-O Be7 9. Re1 d6 10. h3 Nf6 11. Bf4 e5 12. Bg3 Be6 13. Nd5 Bxd5 14. exd5 Nb8
15. Rc1 Qd8 16. Qd2 O-O 17. Rc2 Nbd7 18. Rec1 Nc5 19. Bc4 b5 20. Bf1 Qb6 21. b4
Nce4 0-1

[Event "Lietuvos BM10-BM18"]
[Site "Vilnius"]
[Date "2021.06.04"]
[Round "5.20"]
[White "Jelagaite, Irena Andrea"]
[Black "Maurutyte, Laura"]
[Result "1/2-1/2"]
[WhiteElo "1124"]
[BlackElo "1110"]
[PlyCount "42"]
[EventDate "2021.??.??"]

1. e4 c5 2. Nf3 e6 3. d4 d5 4. exd5 exd5 5. Be3 cxd4 6. Nxd4 Nc6 7. Be2 Bb4+ 8.
c3 Be7 9. Bf3 Nf6 10. Nd2 h6 11. h3 a6 12. O-O O-O 13. Re1 Bd6 14. N2b3 Bc7 15.
Qd2 Qd6 16. g3 Qd8 17. Rad1 Bxh3 18. Ne2 Be6 19. Nf4 Bxf4 20. Bxf4 Re8 21. Nd4
Rc8 1/2-1/2

[Event "Lietuvos BM10-BM18"]
[Site "Vilnius"]
[Date "2021.06.04"]
[Round "5.21"]
[White "Mikalajunas, Gytis"]
[Black "Norkeliunas, Sarunas"]
[Result "0-1"]
[WhiteElo "1042"]
[BlackElo "1168"]
[PlyCount "56"]
[EventDate "2021.??.??"]

1. e4 c5 2. Nf3 a6 3. Bc4 e6 4. Nc3 b5 5. Bd3 d5 6. exd5 exd5 7. O-O Nf6 8.
Re1+ Be7 9. Qe2 Nc6 10. Ne5 Nd4 11. Qf1 Qc7 12. Nf3 Ng4 13. Rxe7+ Qxe7 14. Nxd4
cxd4 15. Nxd5 Qd6 16. Qe1+ Be6 17. g3 Qxd5 18. Be4 Qd8 19. Bc6+ Kf8 20. Bxa8
Qxa8 21. c3 Qf3 22. b3 b4 23. c4 Bd7 24. d3 a5 25. Bf4 Bc6 26. Bd6+ Kg8 27. Kf1
Nxh2+ 28. Kg1 Qg2# 0-1

[Event "Lietuvos BM10-BM18"]
[Site "Vilnius"]
[Date "2021.06.04"]
[Round "5.22"]
[White "Dijokas, Jokubas"]
[Black "Pidluznij, Matvej"]
[Result "1-0"]
[WhiteElo "1209"]
[BlackElo "1501"]
[PlyCount "51"]
[EventDate "2021.??.??"]

1. e4 e5 2. Nf3 Nc6 3. Bb5 Nf6 4. d4 exd4 5. O-O Bc5 6. e5 Nd5 7. c3 O-O 8.
cxd4 Bb4 9. Qb3 a6 10. Qxd5 axb5 11. Qxb5 b6 12. Qd5 Ra7 13. Qb3 Bb7 14. d5 Ba6
15. dxc6 Bxf1 16. Qxb4 Be2 17. Nd4 Ba6 18. Nc3 Re8 19. Bf4 Ra8 20. Rd1 Qc8 21.
Bg3 dxc6 22. Nxc6 Bb7 23. Ne7+ Rxe7 24. Qxe7 h6 25. Rd7 Bc6 26. Qxf7+ 1-0

[Event "Lietuvos BM10-BM18"]
[Site "Vilnius"]
[Date "2021.06.04"]
[Round "5.24"]
[White "Budiak, Arina"]
[Black "Griksaite, Laura"]
[Result "1-0"]
[WhiteElo "1241"]
[BlackElo "1133"]
[PlyCount "68"]
[EventDate "2021.??.??"]

1. e4 e5 2. Nf3 Nc6 3. Bb5 Bc5 4. O-O d6 5. d4 Bxd4 6. Nxd4 exd4 7. Qxd4 Bd7 8.
Qxg7 Qf6 9. Bh6 O-O-O 10. Qxf6 Nxf6 11. Bg7 Rhg8 12. Bxf6 Rde8 13. f3 Bh3 14.
Rf2 Re6 15. Bxc6 bxc6 16. Bd4 Reg6 17. g3 Re6 18. Nc3 Rge8 19. Re1 f5 20. Rfe2
fxe4 21. Rxe4 Kd7 22. Rxe6 Bxe6 23. Ne4 Kd8 24. Ng5 Kd7 25. Nxe6 Rxe6 26. Rxe6
Kxe6 27. Kf2 a6 28. Ke3 c5 29. Bc3 c4 30. Ke4 d5+ 31. Kd4 Kd6 32. Bb4+ c5+ 33.
Bxc5+ Kc6 34. f4 a5 1-0

[Event "Lietuvos BM10-BM18"]
[Site "Vilnius"]
[Date "2021.06.05"]
[Round "7.1"]
[White "Bagvilas, Lukas"]
[Black "Mickus, Benas"]
[Result "1/2-1/2"]
[WhiteElo "2053"]
[BlackElo "1974"]
[PlyCount "95"]
[EventDate "2021.??.??"]

1. e4 e6 2. d4 d5 3. Nc3 Nf6 4. e5 Nfd7 5. f4 c5 6. Nf3 Nc6 7. Be3 h6 8. Qd2 g5
9. dxc5 gxf4 10. Bxf4 Bxc5 11. Bb5 a6 12. Bxc6 bxc6 13. Bxh6 Nxe5 14. Nxe5 Qh4+
15. g3 Qxh6 16. Qxh6 Rxh6 17. O-O-O Bd7 18. Rdf1 Rh7 19. h4 Ke7 20. Ne2 Rg8 21.
g4 Be8 22. g5 Rgh8 23. Nf3 Bd6 24. Re1 c5 25. Rhg1 d4 26. Ng3 Bf4+ 27. Kd1 Bc6
28. Ne5 Bxe5 29. Rxe5 Kd6 30. Rge1 Rg8 31. h5 Bf3+ 32. Kd2 Bxh5 33. b4 cxb4 34.
Ra5 Bg6 35. Rxa6+ Kc7 36. Ra4 Rh2+ 37. Re2 Rh3 38. Ne4 Rd8 39. Rxb4 d3 40. Rc4+
Kb6 41. cxd3 Rdxd3+ 42. Ke1 Rde3 43. a4 Rb3 44. Kf1 Rh1+ 45. Kg2 Rhb1 46. Rf2
Rb4 47. Rxb4+ Rxb4 48. Nd6 1/2-1/2